[Event "TOP 16"]
[Site "Vandoeuvre"]
[Date "2007.02.10"]
[Round "2.1"]
[White "Bologan, Viktor"]
[Black "Kasimdzhanov, Rustam"]
[Result "1/2-1/2"]
[WhiteElo "2658"]
[BlackElo "2682"]
[PlyCount "119"]
[EventDate "2007.??.??"]
[WhiteTeam "Gonfreville"]
[BlackTeam "Vandoeuvre"]

1. e4 e5 2. Nf3 Nc6 3. Bc4 Bc5 4. c3 Nf6 5. d3 d6 6. Nbd2 a6 7. Bb3 Ba7 8. Nf1
Ne7 9. Ng3 Ng6 10. O-O O-O 11. h3 b5 12. d4 c5 13. Bc2 cxd4 14. cxd4 Bb7 15.
Be3 Re8 16. Re1 Bb6 17. a3 Rc8 18. Rc1 exd4 19. Bxd4 Bxd4 20. Qxd4 Rc4 21. Qd2
Bxe4 22. Bxe4 Nxe4 23. Nxe4 Rcxe4 24. Rxe4 Rxe4 25. Rc6 d5 26. Rxa6 h6 27. Qa5
Qxa5 28. Rxa5 b4 29. Rxd5 bxa3 30. bxa3 Nf4 31. Rd2 Ra4 32. Ra2 Nd5 33. Ne1 Nc3
34. Ra1 Ne2+ 35. Kf1 Nd4 36. Rd1 g6 37. Rd3 Kg7 38. g3 Nb5 39. Nc2 Rc4 40. Rb3
Rxc2 41. Rxb5 Ra2 42. Ra5 h5 43. h4 Rc2 44. Re5 Ra2 45. Re3 f6 46. Re7+ Kh6 47.
Ra7 g5 48. Ra6 Kg7 49. Kg2 g4 50. Kf1 Kg6 51. Ra5 Rc2 52. a4 Ra2 53. Ra8 Kg7
54. a5 Kh7 55. a6 Kg7 56. Ke1 Kh7 57. Kd1 Kg7 58. Kc1 Rxf2 59. Kb1 Rf5 60. Kc2
1/2-1/2

[Event "TOP 16"]
[Site "Vandoeuvre"]
[Date "2007.02.10"]
[Round "2.2"]
[White "Nijboer, Friso"]
[Black "Degraeve, Jean-Marc"]
[Result "1/2-1/2"]
[WhiteElo "2638"]
[BlackElo "2548"]
[PlyCount "41"]
[EventDate "2007.??.??"]
[WhiteTeam "Vandoeuvre"]
[BlackTeam "Gonfreville"]

1. e4 e5 2. Nf3 Nc6 3. Bb5 f5 4. Nc3 fxe4 5. Nxe4 Nf6 6. Nxf6+ Qxf6 7. Qe2 Be7
8. Bxc6 dxc6 9. Nxe5 Bf5 10. d3 O-O 11. O-O Rae8 12. Bf4 Bd6 13. Rae1 Qe6 14.
a3 Qa2 15. Qd2 Qxb2 16. Nc4 Qf6 17. Rxe8 Rxe8 18. Bxd6 cxd6 19. Qf4 d5 20. Nd6
Rf8 21. Nxf5 1/2-1/2

[Event "TOP 16"]
[Site "Vandoeuvre"]
[Date "2007.02.10"]
[Round "2.4"]
[White "Brunner, Nicolas"]
[Black "Rausis, Igors"]
[Result "1/2-1/2"]
[WhiteElo "2426"]
[BlackElo "2521"]
[PlyCount "26"]
[EventDate "2007.??.??"]
[WhiteTeam "Vandoeuvre"]
[BlackTeam "Gonfreville"]

1. d4 d5 2. c4 dxc4 3. Nf3 Nf6 4. e3 Bg4 5. Bxc4 e6 6. O-O Nbd7 7. h3 Bh5 8.
Nc3 Bb4 9. Be2 O-O 10. Qb3 c5 11. Bd2 cxd4 12. Qxb4 dxc3 13. Bxc3 Nd5 1/2-1/2

[Event "TOP 16"]
[Site "Vandoeuvre"]
[Date "2007.02.10"]
[Round "2.5"]
[White "Collas, Didier"]
[Black "Nezar, Mustapha"]
[Result "1-0"]
[WhiteElo "2466"]
[BlackElo "2423"]
[PlyCount "111"]
[EventDate "2007.??.??"]
[WhiteTeam "Gonfreville"]
[BlackTeam "Vandoeuvre"]

1. Nf3 d5 2. c4 c6 3. b3 Bg4 4. Ne5 Bf5 5. Bb2 Nd7 6. Nxd7 Qxd7 7. e3 e6 8. Be2
Qd8 9. O-O Nf6 10. d3 Bd6 11. Nd2 O-O 12. Nf3 Bg4 13. h3 Bh5 14. cxd5 exd5 15.
Nd4 Bxe2 16. Qxe2 Re8 17. Nf5 Be5 18. b4 g6 19. Bxe5 Rxe5 20. Nd4 Nd7 21. Nb3
Qh4 22. d4 Re7 23. b5 cxb5 24. Qxb5 Nb6 25. a4 Qh5 26. Nd2 Nc8 27. Nf3 Qf5 28.
Rfc1 Nd6 29. Qc5 Re6 30. a5 g5 31. Ne5 Ne4 32. Qc2 Re7 33. Rab1 Qe6 34. Rb5 Nd6
35. Rc5 f6 36. Nd3 Ne4 37. Rc7 Rae8 38. Qb3 Nd6 39. Nb4 Rxc7 40. Rxc7 Nc4 41.
Nxd5 Qxd5 42. Qxc4 Qxc4 43. Rxc4 Re7 44. Kf1 Kf7 45. Ke2 Ke6 46. Kd3 Kd7 47.
Rc5 Re8 48. g3 Kd6 49. f4 h6 50. e4 Rg8 51. e5+ Ke6 52. a6 gxf4 53. gxf4 fxe5
54. fxe5 bxa6 55. Rc6+ Kd7 56. Rxa6 1-0

[Event "TOP 16"]
[Site "Vandoeuvre"]
[Date "2007.02.10"]
[Round "2.6"]
[White "Philippe, Christophe"]
[Black "Eliet, Nicolas"]
[Result "0-1"]
[WhiteElo "2364"]
[BlackElo "2440"]
[PlyCount "120"]
[EventDate "2007.??.??"]
[WhiteTeam "Vandoeuvre"]
[BlackTeam "Gonfreville"]

1. e4 c6 2. d4 d5 3. Nc3 dxe4 4. Nxe4 Nd7 5. Bc4 Ngf6 6. Ng5 Nd5 7. N1f3 h6 8.
Ne4 N7b6 9. Bb3 Bf5 10. Ng3 Bh7 11. O-O e6 12. c4 Nf6 13. Qe2 Be7 14. Bf4 O-O
15. Rad1 a5 16. a3 a4 17. Ba2 Re8 18. Rfe1 Bf8 19. h3 Nbd7 20. Rd2 Qa5 21. Ne5
Rad8 22. Red1 c5 23. Nxd7 Nxd7 24. Qf3 cxd4 25. Rxd4 Nc5 26. Bd2 Qc7 27. Bc3
Rxd4 28. Rxd4 Rd8 29. Rg4 Rd3 30. Qe2 Qd6 31. Kh2 Rd1 32. Be5 Qd3 33. Rd4 Qxe2
34. Nxe2 Bc2 35. Nc3 Rxd4 36. Bxd4 Bd6+ 37. Kg1 Nd3 38. Bb1 Bxb1 39. Nxb1 e5
40. Bc3 Bc5 41. Kf1 Bxf2 42. Nd2 Bc5 43. Ke2 Nf4+ 44. Kf3 f6 45. Ne4 Be7 46.
Nf2 Kf7 47. g3 Ng6 48. Ke4 Ke6 49. g4 Nf4 50. h4 Bc5 51. Nd1 h5 52. gxh5 f5+
53. Kf3 Nxh5 54. Be1 Bd4 55. Bd2 e4+ 56. Kg2 f4 57. Bc3 Ba7 58. Be1 f3+ 59. Kh3
e3 60. Kg4 f2 0-1

[Event "TOP 16"]
[Site "Vandoeuvre"]
[Date "2007.02.10"]
[Round "2.7"]
[White "Vallin, Guillaume"]
[Black "Paci, Cedric"]
[Result "1-0"]
[WhiteElo "2413"]
[BlackElo "2300"]
[PlyCount "125"]
[EventDate "2007.??.??"]
[WhiteTeam "Gonfreville"]
[BlackTeam "Vandoeuvre"]

1. d4 Nf6 2. c4 g6 3. Nc3 d5 4. Bf4 Bg7 5. e3 O-O 6. Rc1 c6 7. Nf3 Be6 8. Ng5
Bf5 9. Qb3 Qb6 10. Qxb6 axb6 11. cxd5 Nxd5 12. Nxd5 cxd5 13. a3 Nc6 14. Bb5
Rfc8 15. O-O f6 16. Nf3 Bg4 17. Bg3 e5 18. dxe5 Bxf3 19. exf6 Bxf6 20. gxf3
Bxb2 21. Rcd1 d4 22. a4 Rf8 23. Kg2 Rac8 24. Rb1 Bc3 25. Bc4+ Kg7 26. Rxb6 Na5
27. Be6 Rc6 28. Rxc6 Nxc6 29. exd4 Bxd4 30. Bd5 Rd8 31. Be4 Rd7 32. Rc1 Nd8 33.
Rd1 Kf6 34. Rb1 b6 35. Rc1 Ne6 36. Bc6 Rd8 37. Rd1 Bc5 38. Rxd8 Nxd8 39. Bd5
Ne6 40. Kf1 g5 41. Bb8 Be7 42. Ke1 Bb4+ 43. Kf1 Nf4 44. Be4 h6 45. Bc7 Bc5 46.
Ke1 Ne6 47. Bb8 Bd4 48. Ke2 Nc5 49. Bc6 Ke6 50. Bc7 Na6 51. Bg3 Nc5 52. Bc7 Na6
53. Bg3 Nc5 54. f4 Kf5 55. fxg5 hxg5 56. Bc7 Nb3 57. Bd7+ Kg6 58. f3 Bc5 59.
Kd3 Nd4 60. Ke4 Ne2 61. Kd5 Nc3+ 62. Kc4 Ne2 63. a5 1-0

[Event "TOP 16"]
[Site "Vandoeuvre"]
[Date "2007.02.10"]
[Round "2.8"]
[White "Klipper, Rebecca"]
[Black "Collas, Silvia"]
[Result "0-1"]
[WhiteElo "2039"]
[BlackElo "2389"]
[PlyCount "148"]
[EventDate "2007.??.??"]
[WhiteTeam "Vandoeuvre"]
[BlackTeam "Gonfreville"]

1. d4 e6 2. Nf3 c5 3. e3 Nf6 4. Bd3 b6 5. Nbd2 Bb7 6. c3 Nc6 7. O-O Qc7 8. dxc5
Bxc5 9. e4 Ng4 10. h3 Nge5 11. Nb3 Nxd3 12. Qxd3 Be7 13. Nbd4 a6 14. Ne2 Ne5
15. Nxe5 Qxe5 16. Ng3 h5 17. Rd1 Rd8 18. Be3 Bc5 19. Bxc5 bxc5 20. Qd6 Qxd6 21.
Rxd6 Bc6 22. Nf1 Rb8 23. b3 a5 24. f3 Ke7 25. Rd2 Rb7 26. Ne3 f6 27. Nc4 Ra8
28. e5 a4 29. Rb1 axb3 30. Rxb3 Rxa2 31. exf6+ gxf6 32. Rxb7 Ra1+ 33. Kh2 Bxb7
34. Nd6 Bd5 35. Nf5+ Kf7 36. Ne3 Bc6 37. Kg3 Ra3 38. Rc2 d5 39. Kf2 Ba4 40. Rc1
Ra2+ 41. Kg3 Re2 42. Nf1 Bc2 43. Kh4 Bg6 44. g4 hxg4 45. hxg4 c4 46. g5 Bd3 47.
gxf6 Kxf6 48. Kg3 Ke5 49. Nh2 Kd6 50. Ng4 Kc5 51. Ra1 Rc2 52. Ra5+ Kb6 53. Ra3
Rb2 54. Ne5 Bf5 55. Ra1 Rb3 56. Rc1 Kb5 57. Kf2 Rb2+ 58. Ke3 Ka4 59. Nc6 Bd3
60. Nd4 Ra2 61. f4 Ka3 62. Rg1 Rh2 63. Nb5+ Kb2 64. Re1 Rh3+ 65. Kd4 Bf5 66.
Re2+ Kc1 67. Re3 Rh2 68. Ke5 Kd2 69. Rg3 Re2+ 70. Kf6 Bd3 71. Rf3 Re1 72. Rh3
Bf5 73. Nd4 Bxh3 74. Nb5 Bf5 0-1

[Event "TOP 16"]
[Site "Marseille"]
[Date "2007.02.11"]
[Round "3.1"]
[White "Kotronias, Vasilios"]
[Black "Miton, Kamil"]
[Result "1/2-1/2"]
[WhiteElo "2572"]
[BlackElo "2655"]
[PlyCount "60"]
[EventDate "2007.??.??"]
[WhiteTeam "Antibes"]
[BlackTeam "Marseille"]

1. e4 c5 2. Nf3 d6 3. d4 cxd4 4. Nxd4 Nf6 5. Nc3 Bd7 6. Bg5 e6 7. Ndb5 Bc6 8.
Bxf6 gxf6 9. Qh5 a6 10. Nd4 Bd7 11. O-O-O Nc6 12. Nxc6 bxc6 13. h4 a5 14. Rh3
a4 15. f4 Qa5 16. e5 a3 17. b3 d5 18. f5 fxe5 19. fxe6 Bxe6 20. Qxe5 O-O-O 21.
Rhd3 Rg8 22. Ne2 Rg4 23. Nd4 Bh6+ 24. Kb1 Bg7 25. Qe3 Qb6 26. Nxe6 Qxe3 27.
Rxe3 fxe6 28. Rxe6 Kd7 29. Re3 Rxh4 30. Be2 Rc8 1/2-1/2

[Event "TOP 16"]
[Site "Marseille"]
[Date "2007.02.11"]
[Round "3.2"]
[White "Gozzoli, Yannick"]
[Black "Ivanisevic, Ivan"]
[Result "0-1"]
[WhiteElo "2453"]
[BlackElo "2602"]
[PlyCount "84"]
[EventDate "2007.??.??"]
[WhiteTeam "Marseille"]
[BlackTeam "Antibes"]

1. d4 Nf6 2. c4 e6 3. Nf3 d5 4. Nc3 c6 5. Bg5 dxc4 6. e4 b5 7. e5 h6 8. Bh4 g5
9. exf6 gxh4 10. Ne5 Qxf6 11. a4 Bb7 12. axb5 c5 13. Be2 cxd4 14. Qxd4 Bg7 15.
f4 O-O 16. O-O Qd8 17. Rfd1 Qxd4+ 18. Rxd4 a6 19. Bf3 Bxf3 20. gxf3 Ra7 21. Ne4
f6 22. Ng6 f5 23. Rxc4 Rd8 24. Nc3 axb5 25. Rxa7 bxc4 26. Rc7 Rd2 27. Rxc4 Bd4+
28. Kf1 h3 29. Ne5 Na6 30. Nb5 Be3 31. Rc6 Rf2+ 32. Ke1 Rxh2 33. Rxa6 Rg2 34.
Rxe6 h2 35. Rxh6 Bxf4 36. Rxh2 Rxh2 37. Nd3 Bd2+ 38. Kf1 Kf7 39. Nd4 Kf6 40. f4
Be3 41. Nf3 Rc2 42. Ke1 Rc4 0-1

[Event "TOP 16"]
[Site "Marseille"]
[Date "2007.02.11"]
[Round "3.3"]
[White "Damljanovic, Branko"]
[Black "Jedynak, Radoslaw"]
[Result "1-0"]
[WhiteElo "2590"]
[BlackElo "2554"]
[PlyCount "75"]
[EventDate "2007.??.??"]
[WhiteTeam "Antibes"]
[BlackTeam "Marseille"]

1. e4 e6 2. Qe2 c5 3. Nf3 Nc6 4. g3 g6 5. Bg2 Bg7 6. O-O Nge7 7. c3 O-O 8. Na3
d6 9. Nc2 e5 10. Rd1 Qb6 11. Ne3 h6 12. Nh4 Bf6 13. d3 Kh7 14. Rf1 Be6 15. Nd5
Bxd5 16. exd5 Nb8 17. f4 exf4 18. Rxf4 Ng8 19. Be4 Nd7 20. Be3 Rae8 21. Raf1
Qd8 22. Qg4 Ne5 23. Qe2 Qe7 24. Nf5 gxf5 25. Rxf5 Ng6 26. Qh5 c4 27. Bxh6 Nxh6
28. Rxf6 Kg7 29. Bxg6 Qe3+ 30. Kh1 cxd3 31. Bxf7 Qe4+ 32. Kg1 Qe3+ 33. R1f2
Qe1+ 34. Kg2 Qe4+ 35. Kh3 Nxf7 36. Rxf7+ Rxf7 37. Qxf7+ Kh8 38. Rf4 1-0

[Event "TOP 16"]
[Site "Marseille"]
[Date "2007.02.11"]
[Round "3.4"]
[White "Genov, Petar"]
[Black "Vaisser, Anatoly"]
[Result "1/2-1/2"]
[WhiteElo "2489"]
[BlackElo "2554"]
[PlyCount "35"]
[EventDate "2007.??.??"]
[WhiteTeam "Marseille"]
[BlackTeam "Antibes"]

1. d4 e6 2. c4 Nf6 3. Nc3 d5 4. cxd5 exd5 5. Bg5 Be7 6. e3 c6 7. Bd3 Nbd7 8.
Qc2 O-O 9. Nf3 Re8 10. O-O Nf8 11. Ne5 Ng4 12. Bxe7 Qxe7 13. Nxg4 Bxg4 14. Rae1
Rad8 15. f4 Bc8 16. f5 Nd7 17. Qa4 a6 18. Qd1 1/2-1/2

[Event "TOP 16"]
[Site "Marseille"]
[Date "2007.02.11"]
[Round "3.5"]
[White "Bijaoui, Manuel"]
[Black "Guadalpi, David"]
[Result "0-1"]
[WhiteElo "2396"]
[BlackElo "2330"]
[PlyCount "126"]
[EventDate "2007.??.??"]
[WhiteTeam "Antibes"]
[BlackTeam "Marseille"]

1. e4 e5 2. Nf3 Nc6 3. Nc3 Nf6 4. a3 g6 5. Bc4 Bg7 6. d3 d6 7. Be3 O-O 8. Qd2
Be6 9. O-O Re8 10. Bxe6 fxe6 11. d4 exd4 12. Nxd4 Ng4 13. Bg5 Qd7 14. Nde2 Nce5
15. Rad1 Nc4 16. Qc1 Qc6 17. h3 Nf6 18. Nd4 Qa6 19. Rfe1 Nd7 20. Ncb5 Rac8 21.
b3 Nce5 22. a4 Nc5 23. Bh6 Bh8 24. Bd2 Nc6 25. Bc3 Nxd4 26. Bxd4 Bxd4 27. Nxd4
e5 28. Nb5 Ne6 29. Nc3 Nd4 30. Kh1 c6 31. f4 Rf8 32. f5 Rc7 33. g4 Rg7 34. Rf1
Qa5 35. Rd3 Qd8 36. Qd2 Qh4 37. Qf2 Qg5 38. Ne2 h5 39. Nxd4 exd4 40. Rg1 c5 41.
gxh5 Qxh5 42. Rdg3 Rf6 43. Kh2 b6 44. Rg5 Qh6 45. R1g4 Kf7 46. Qg3 Rg8 47. e5
gxf5 48. Rxg8 fxg4 49. exf6 Qd2+ 50. Kh1 Qd1+ 51. Kh2 Qe2+ 52. Kh1 Qd1+ 53. Qg1
Qf3+ 54. Qg2 Qxg2+ 55. Kxg2 gxh3+ 56. Kxh3 Kxg8 57. Kg4 Kf7 58. Kg5 a6 59. Kf5
b5 60. axb5 axb5 61. Kg5 c4 62. bxc4 bxc4 63. Kf4 d5 0-1

[Event "TOP 16"]
[Site "Marseille"]
[Date "2007.02.11"]
[Round "3.6"]
[White "Amigues, Emmanuel"]
[Black "Miralles, Gilles"]
[Result "1/2-1/2"]
[WhiteElo "2391"]
[BlackElo "2486"]
[PlyCount "155"]
[EventDate "2007.??.??"]
[WhiteTeam "Marseille"]
[BlackTeam "Antibes"]

1. d4 Nf6 2. c4 e6 3. Nf3 b6 4. g3 Ba6 5. Qc2 d5 6. Nbd2 Be7 7. Bg2 O-O 8. O-O
c5 9. Rd1 Nc6 10. dxc5 bxc5 11. e4 Nb4 12. Qa4 Qe8 13. Qxe8 Raxe8 14. e5 Nd7
15. a3 Nc2 16. Ra2 dxc4 17. b3 cxb3 18. Nxb3 Bc4 19. Rb2 Nb6 20. Na5 Nxa3 21.
Rbd2 Nb5 22. Nxc4 Nxc4 23. Rd7 Nd4 24. Rxa7 Nxf3+ 25. Bxf3 Nxe5 26. Be2 Nc6 27.
Rc7 Nd4 28. Bf1 Bd6 29. Rd7 Rd8 30. Rxd8 Rxd8 31. Be3 Be7 32. Kg2 h5 33. h4 g6
34. Rb1 Nf5 35. Bf4 Bf6 36. Rb7 Rd4 37. Rc7 Nxh4+ 38. Kh3 g5 39. Rc8+ Kg7 40.
Rxc5 g4+ 41. Kh2 Nf3+ 42. Kg2 h4 43. Be2 Ne1+ 44. Kf1 Nd3 45. Bxd3 Rxd3 46.
gxh4 Bxh4 47. Bg5 Rh3 48. Kg2 Kg6 49. Be3 Bd8 50. Rc8 Bf6 51. Rc4 Rh4 52. Kg3
Kh5 53. Rc5+ e5 54. Bf4 Rh3+ 55. Kg2 Kg6 56. Bxe5 Bg5 57. Rc4 f5 58. Rc6+ Kf7
59. Rc3 Rh6 60. Rc4 Re6 61. Bf4 Bf6 62. f3 gxf3+ 63. Kxf3 Rb6 64. Ra4 Rb3+ 65.
Kg2 Be7 66. Ra6 Rb2+ 67. Kf3 Rb3+ 68. Kg2 Bf6 69. Ra7+ Kg6 70. Ra6 Rb2+ 71. Kf3
Rb3+ 72. Kg2 Kf7 73. Ra7+ Kg6 74. Ra6 Rb5 75. Kf3 Kf7 76. Ra7+ Kg6 77. Ra6 Kf7
78. Ra7+ 1/2-1/2

[Event "TOP 16"]
[Site "Marseille"]
[Date "2007.02.11"]
[Round "3.7"]
[White "Acher, Mathieu"]
[Black "Goldsztejn, Gildas"]
[Result "1/2-1/2"]
[WhiteElo "2358"]
[BlackElo "2303"]
[PlyCount "81"]
[EventDate "2007.??.??"]
[WhiteTeam "Antibes"]
[BlackTeam "Marseille"]

1. e4 e5 2. Nf3 Nc6 3. Bb5 a6 4. Ba4 Nf6 5. d3 b5 6. Bb3 Bc5 7. O-O h6 8. a4
Rb8 9. Be3 d6 10. axb5 axb5 11. h3 O-O 12. c3 Bxe3 13. fxe3 d5 14. Nbd2 Be6 15.
Ra6 Rb6 16. Rxb6 cxb6 17. exd5 Nxd5 18. Qe1 Re8 19. Qf2 Kh8 20. d4 exd4 21.
exd4 Qd7 22. Bxd5 Bxd5 23. Nh4 Qe6 24. Nf5 Qg6 25. Ng3 Re6 26. Kh2 h5 27. Qxf7
Qxf7 28. Rxf7 h4 29. Rf8+ Kh7 30. Nh5 Re2 31. Nf4 Rxd2 32. Nxd5 Rxb2 33. Rf4 b4
34. cxb4 b5 35. Rxh4+ Kg8 36. Nc3 Rxb4 37. Ne2 Rc4 38. Rh5 b4 39. d5 Nd4 40.
Nxd4 Rxd4 41. d6 1/2-1/2

[Event "TOP 16"]
[Site "Marseille"]
[Date "2007.02.11"]
[Round "3.8"]
[White "Delorme, Laurie"]
[Black "Cochet, Caroline"]
[Result "0-1"]
[WhiteElo "2043"]
[BlackElo "2047"]
[PlyCount "198"]
[EventDate "2007.??.??"]
[WhiteTeam "Marseille"]
[BlackTeam "Antibes"]

1. d4 g6 2. c4 Bg7 3. Nf3 Nf6 4. Nc3 d6 5. h3 Nbd7 6. Bg5 c6 7. e3 O-O 8. Be2
Qc7 9. Bh4 a6 10. Rc1 Qd8 11. O-O b5 12. d5 Nb6 13. Nd4 bxc4 14. Nxc6 Qc7 15.
a4 Bb7 16. a5 Nbxd5 17. Nxd5 Nxd5 18. Qxd5 Qxc6 19. Qxc6 Bxc6 20. Bxe7 Rfc8 21.
Bxd6 Bd5 22. Rfd1 Be6 23. Ba3 Rab8 24. Rc2 c3 25. Bxa6 Rc6 26. Bb7 Bb3 27. Rxc3
Bxc3 28. Bxc6 Bxd1 29. a6 Bxb2 30. a7 Be5 31. Bb2 Bc7 32. axb8=Q+ Bxb8 33. Bf6
Bd6 34. g4 h6 35. f4 Kf8 36. g5 h5 37. Kf1 Bc2 38. Ke2 Bf5 39. h4 Bb4 40. e4
Bg4+ 41. Kf2 Bd2 42. Be5 Ke7 43. Bb5 Kf8 44. Bd3 Ke7 45. Bf6+ Kf8 46. f5 Bb4
47. fxg6 fxg6 48. Bc4 Bc5+ 49. Kg3 Bb4 50. Bd4 Be1+ 51. Bf2 Bd2 52. Kg2 Ke7 53.
Bg3 Be3 54. Be1 Bc5 55. Bc3 Be6 56. Bd3 Bg4 57. Kg3 Be3 58. Bb4+ Kf7 59. Bc4+
Be6 60. Bb5 Bg4 61. Bc6 Bd4 62. Bd5+ Be6 63. Bd6 Bc3 64. Kf3 Bd4 65. Bc6 Bg4+
66. Kg2 Be6 67. Bg3 Ke7 68. Bb5 Bg4 69. Kf1 Be3 70. Bd3 Kf7 71. Ke1 Ke6 72. Ba6
Ke7 73. Bf2 Bf4 74. Bc5+ Kf7 75. Kf2 Bd2 76. Bb7 Bf4 77. Bd4 Bd2 78. Bd5+ Be6
79. Bc6 Bg4 80. Bb5 Be6 81. Ke2 Bf4 82. Bf2 Be5 83. Kd3 Bb3 84. Bc6 Be6 85. Bd5
Ke7 86. Be1 Kf7 87. Kc4 Ke7 88. Kc5 Kf7 89. Kc6 Ke7 90. Bb4+ Kf7 91. Bd6 Bc3
92. Bg3 Bb4 93. Bf2 Bc3 94. Kd6 Bb4+ 95. Ke5 Bc3+ 96. Kd6 Bb4+ 97. Kc6 Bd2 98.
Bg3 Bb4 99. Kb6 Bd2 0-1

[Event "TOP 16"]
[Site "Marseille"]
[Date "2007.02.11"]
[Round "3.1"]
[White "Vallejo Pons, Francisco"]
[Black "Tkachiev, Vladislav"]
[Result "1/2-1/2"]
[WhiteElo "2679"]
[BlackElo "2649"]
[PlyCount "61"]
[EventDate "2007.??.??"]
[WhiteTeam "Paris Chess Club"]
[BlackTeam "Cannes"]

1. Nf3 d5 2. d4 Nf6 3. c4 c6 4. e3 a6 5. Nc3 e6 6. c5 b6 7. cxb6 Nbd7 8. Na4
Nxb6 9. Bd2 Nxa4 10. Qxa4 Bd7 11. Ne5 c5 12. Nxd7 Qxd7 13. Qxd7+ Kxd7 14. dxc5
Bxc5 15. b4 Bd6 16. f3 Ke7 17. Bd3 Nd7 18. Kf2 Ne5 19. Be2 Rhc8 20. Rhc1 Nc4
21. Bxc4 Rxc4 22. Rxc4 dxc4 23. Rc1 Rc8 24. f4 e5 25. g3 Ke6 26. e4 exf4 27.
gxf4 c3 28. Rxc3 Rxc3 29. Bxc3 Bxf4 30. Bxg7 Bxh2 31. a4 1/2-1/2

[Event "TOP 16"]
[Site "Marseille"]
[Date "2007.02.11"]
[Round "3.2"]
[White "Cornette, Matthieu"]
[Black "Nataf, Igor-Alexandre"]
[Result "0-1"]
[WhiteElo "2482"]
[BlackElo "2589"]
[PlyCount "52"]
[EventDate "2007.??.??"]
[WhiteTeam "Cannes"]
[BlackTeam "Antibes"]

1. e4 c5 2. Nf3 Nc6 3. Bb5 e6 4. Bxc6 bxc6 5. d3 Ne7 6. Qe2 d5 7. c4 Ng6 8. O-O
Bd6 9. Nc3 O-O 10. Na4 f6 11. b3 d4 12. g3 e5 13. Ne1 f5 14. exf5 Bxf5 15. f3
h5 16. Qd2 Bh3 17. Ng2 Rf5 18. Ba3 Qe7 19. Qe2 h4 20. Qe4 hxg3 21. hxg3 Rg5 22.
g4 Rf8 23. Bc1 Rxg4 24. fxg4 Rxf1+ 25. Kh2 Bxg2 26. Kxg2 Qf7 0-1

[Event "TOP 16"]
[Site "Marseille"]
[Date "2007.02.11"]
[Round "3.3"]
[White "Eljanov, Pavel"]
[Black "Palac, Mladen"]
[Result "1/2-1/2"]
[WhiteElo "2675"]
[BlackElo "2571"]
[PlyCount "45"]
[EventDate "2007.??.??"]
[WhiteTeam "Paris Chess Club"]
[BlackTeam "Cannes"]

1. d4 Nf6 2. c4 e6 3. Nc3 Bb4 4. Qc2 d5 5. Nf3 dxc4 6. a3 Bxc3+ 7. Qxc3 b5 8.
a4 c6 9. g3 Bb7 10. Bg2 Nbd7 11. O-O O-O 12. b3 cxb3 13. Ba3 Re8 14. Qxb3 a6
15. Rfd1 Nb6 16. Bc5 Qc7 17. a5 Nc4 18. Qc2 Nd7 19. Ng5 f5 20. e4 Nxc5 21. dxc5
Qe7 22. h4 Qxc5 23. exf5 1/2-1/2

[Event "TOP 16"]
[Site "Marseille"]
[Date "2007.02.11"]
[Round "3.5"]
[White "Nielsen, Peter Heine"]
[Black "Godena, Michele"]
[Result "1/2-1/2"]
[WhiteElo "2651"]
[BlackElo "2530"]
[PlyCount "59"]
[EventDate "2007.??.??"]
[WhiteTeam "Paris Chess Club"]
[BlackTeam "Cannes"]

1. d4 d5 2. c4 c6 3. Nf3 Nf6 4. e3 e6 5. Bd3 Nbd7 6. O-O Bd6 7. Nc3 O-O 8. e4
dxc4 9. Bxc4 e5 10. Bg5 Qe7 11. Re1 Rd8 12. h3 Bc7 13. Ne2 h6 14. Bh4 Nf8 15.
Bxf6 Qxf6 16. Nxe5 Bxe5 17. dxe5 Qe7 18. Qb3 b5 19. Bd3 Ng6 20. Ng3 Qxe5 21.
Bf1 Rd2 22. Qc3 Qxc3 23. bxc3 Be6 24. a4 Rc2 25. axb5 cxb5 26. Bxb5 Rxc3 27.
Ne2 Rc5 28. Nd4 Bc4 29. Reb1 Bxb5 30. Nxb5 1/2-1/2

[Event "TOP 16"]
[Site "Marseille"]
[Date "2007.02.11"]
[Round "3.6"]
[White "Kazhgaleyev, Murtas"]
[Black "Hauchard, Arnaud"]
[Result "1-0"]
[WhiteElo "2579"]
[BlackElo "2474"]
[PlyCount "73"]
[EventDate "2007.??.??"]
[WhiteTeam "Cannes"]
[BlackTeam "Paris Chess Club"]

1. d4 Nf6 2. c4 e6 3. Nf3 b6 4. g3 Ba6 5. Qc2 c5 6. d5 exd5 7. cxd5 d6 8. Nc3
Be7 9. a4 O-O 10. Bg2 Re8 11. O-O Nbd7 12. h3 Nf8 13. Nh4 Ng6 14. Nf5 Bf8 15.
b3 Bc8 16. Bb2 a6 17. e4 Bd7 18. Nd1 Bxf5 19. exf5 Ne5 20. g4 h6 21. f4 Ned7
22. g5 Nh5 23. f6 gxf6 24. Qf2 Ng7 25. Ne3 Rxe3 26. Qxe3 fxg5 27. Rae1 Nh5 28.
fxg5 Qxg5 29. Qf3 Qg6 30. Re4 f5 31. Re6 Qf7 32. Qxf5 Qxf5 33. Rxf5 Ng7 34. Rg6
Ne5 35. Bxe5 dxe5 36. d6 Rd8 37. Rff6 1-0

[Event "TOP 16"]
[Site "Marseille"]
[Date "2007.02.11"]
[Round "3.8"]
[White "Leconte, Maria"]
[Black "Aflalo, Sophie"]
[Result "1-0"]
[WhiteElo "2377"]
[BlackElo "1977"]
[PlyCount "83"]
[EventDate "2007.??.??"]
[WhiteTeam "Cannes"]
[BlackTeam "Paris Chess Club"]

1. e4 c5 2. Nf3 Nc6 3. Bb5 e6 4. O-O Nge7 5. b3 a6 6. Bxc6 Nxc6 7. Bb2 f6 8. d4
cxd4 9. Nxd4 Nxd4 10. Bxd4 e5 11. Be3 d6 12. Nc3 Be6 13. Nd5 Rc8 14. c4 Be7 15.
Qd2 O-O 16. Rfd1 Rc6 17. Rac1 f5 18. exf5 Bxf5 19. Qb4 Bg5 20. c5 a5 21. Qd2
Bh4 22. b4 axb4 23. Nxb4 Rc7 24. cxd6 Rxc1 25. Rxc1 Be6 26. Nd5 Kh8 27. Nb6 Bd7
28. Nxd7 Qxd7 29. Qb4 Bd8 30. Qc5 e4 31. Bd4 Qf7 32. d7 b6 33. Qc6 Be7 34. Qxb6
Bd8 35. Qa7 Qf4 36. Be3 Qf5 37. a4 Bg5 38. Bxg5 Qxg5 39. Rc8 Kg8 40. Qb8 Kf7
41. Rxf8+ Kg6 42. Qg3 1-0

[Event "TOP 16"]
[Site "Vandoeuvre"]
[Date "2007.02.11"]
[Round "3.1"]
[White "Kasimdzhanov, Rustam"]
[Black "Asrian, Karen"]
[Result "1/2-1/2"]
[WhiteElo "2682"]
[BlackElo "2634"]
[PlyCount "87"]
[EventDate "2007.??.??"]
[WhiteTeam "Vandoeuvre"]
[BlackTeam "Bischwiller"]

1. d4 Nf6 2. c4 e6 3. Nc3 Bb4 4. Qc2 d5 5. a3 Bxc3+ 6. Qxc3 Ne4 7. Qc2 c5 8.
dxc5 Nc6 9. cxd5 exd5 10. e3 Bf5 11. Bd3 Ne5 12. Nf3 Nxd3+ 13. Qxd3 Ng3 14. e4
Nxe4 15. O-O O-O 16. Qd4 Qf6 17. Qxf6 Nxf6 18. Nd4 Bg6 19. Bf4 Rfe8 20. f3 Nd7
21. Bd6 f6 22. Rfd1 a6 23. f4 Re4 24. Rac1 Nb8 25. Bxb8 Rxb8 26. g3 Be8 27. Rd2
Bd7 28. Kf2 Rc8 29. Rc3 h5 30. Rb3 Rxc5 31. Rxb7 Bg4 32. Nc2 Rc8 33. Ne3 d4 34.
Nxg4 hxg4 35. Rb4 Kf7 36. Rbxd4 Rxd4 37. Rxd4 Rc2+ 38. Ke3 Rxb2 39. f5 Rxh2 40.
Rxg4 Rg2 41. a4 a5 42. Kd4 g6 43. fxg6+ Kg7 44. Ke3 1/2-1/2

[Event "TOP 16"]
[Site "Vandoeuvre"]
[Date "2007.02.11"]
[Round "3.2"]
[White "Galdunts, Sergey"]
[Black "Nijboer, Friso"]
[Result "1-0"]
[WhiteElo "2502"]
[BlackElo "2638"]
[PlyCount "85"]
[EventDate "2007.??.??"]
[WhiteTeam "Bischwiller"]
[BlackTeam "Paris Chess Club"]

1. e4 c5 2. Nf3 Nc6 3. Bb5 d6 4. O-O Bd7 5. Re1 Nf6 6. h3 Ne5 7. a4 e6 8. Nxe5
dxe5 9. Na3 a6 10. Bxd7+ Nxd7 11. d3 Be7 12. Qg4 O-O 13. Bh6 Bf6 14. h4 b6 15.
Nc4 Kh8 16. Bg5 Be7 17. b3 Rc8 18. g3 Rc6 19. Re2 Qe8 20. Bd2 Bd8 21. Bc3 f6
22. h5 Bc7 23. f4 Kg8 24. Rf1 Rf7 25. Ne3 Bb8 26. Rh2 Rc8 27. h6 g6 28. f5 Nf8
29. Rhf2 exf5 30. exf5 g5 31. Nd5 Qd8 32. Qe4 b5 33. axb5 axb5 34. Ra1 c4 35.
bxc4 Ba7 36. cxb5 Bxf2+ 37. Kxf2 Rd7 38. Ba5 Rxc2+ 39. Kf3 Qc8 40. Nxf6+ Kf7
41. Nxd7 Qxd7 42. Bb4 Qxb5 43. Ra7+ 1-0

[Event "TOP 16"]
[Site "Vandoeuvre"]
[Date "2007.02.11"]
[Round "3.3"]
[White "Hracek, Zbynek"]
[Black "Schlosser, Philipp"]
[Result "1/2-1/2"]
[WhiteElo "2619"]
[BlackElo "2562"]
[PlyCount "31"]
[EventDate "2007.??.??"]
[WhiteTeam "Vandoeuvre"]
[BlackTeam "Bischwiller"]

1. e4 e5 2. Nf3 d6 3. d4 exd4 4. Nxd4 Nf6 5. Nc3 Be7 6. g3 d5 7. Bg2 dxe4 8.
Nxe4 O-O 9. O-O c6 10. c3 Na6 11. Re1 Re8 12. Qc2 Bd7 13. Nxf6+ Bxf6 14. Be3
Qc8 15. Rad1 Nc7 16. Qd2 1/2-1/2

[Event "TOP 16"]
[Site "Vandoeuvre"]
[Date "2007.02.11"]
[Round "3.4"]
[White "Netzer, Jean"]
[Black "Brunner, Nicolas"]
[Result "1/2-1/2"]
[WhiteElo "2404"]
[BlackElo "2426"]
[PlyCount "58"]
[EventDate "2007.??.??"]
[WhiteTeam "Bischwiller"]
[BlackTeam "Vandoeuvre"]

1. e4 c5 2. Nf3 d6 3. d4 cxd4 4. Qxd4 Nc6 5. Bb5 Bd7 6. Bxc6 Bxc6 7. Nc3 Nf6 8.
Bg5 e6 9. O-O-O Be7 10. Qd3 Qa5 11. h4 O-O 12. Nd4 Rfd8 13. f4 Rac8 14. Kb1 a6
15. f5 e5 16. Nb3 Qc7 17. Bxf6 Bxf6 18. g4 b5 19. g5 Be7 20. Qe2 a5 21. Nc1 Qb7
22. Nd5 Bxd5 23. Rxd5 Rc4 24. b3 Rc5 25. Rxc5 dxc5 26. Nd3 c4 27. Nxe5 Qc7 28.
Ng4 Qg3 29. f6 Ba3 1/2-1/2